书目信息 |
| 题名: |
抹灰工操作技巧
|
|
| 作者: | 张建斌 , 牛丽萍 编 | |
| 分册: | ||
| 出版信息: | 北京 中国建筑工业出版社 2003.06 |
|
| 页数: | 217页 | |
| 开本: | 20cm | |
| 丛书名: | 建筑工人实用操作技巧丛书 | |
| 单 册: | ||
| 中图分类: | TU754.2 | |
| 科图分类: | ||
| 主题词: | 建筑工程--各种 | |
| 电子资源: | ||
| ISBN: | 7-112-05751-5 | |
| 000 | 00701nam0 2200229 45 | |
| 001 | 0436909540 | |
| 005 | 2004042610150953 | |
| 010 | @a7-112-05751-5@dCNY 14.00 | |
| 100 | @a20040426d2003 km y0chiy0120 ea | |
| 101 | 0 | @achi |
| 102 | @aCN@b110000 | |
| 200 | 1 | @a抹灰工操作技巧@Amo hui gong cao zuo ji qiao@f张建斌,牛丽萍编@Fzhang jian bin,niu li ping bian |
| 210 | @a北京@c中国建筑工业出版社@d2003.06 | |
| 215 | @a217页@d20cm | |
| 225 | 2 | @a建筑工人实用操作技巧丛书 |
| 410 | 0 | @12001 @a建筑工人实用操作技巧丛书 |
| 606 | 0 | @a建筑工程@x各种 |
| 690 | @aTU754.2@v3 | |
| 701 | 0 | @a张建斌@Azhang jian bin@4编 |
| 701 | 0 | @a牛丽萍@Aniu li ping@4编 |
| 801 | 0 | @aCN@bPFT@c20040426 |
| 905 | @dTU754.2@eZ120 | |
| 抹灰工操作技巧/张建斌,牛丽萍编.-北京:中国建筑工业出版社,2003.06 |
| 217页;20cm.-(建筑工人实用操作技巧丛书) |
| ISBN 7-112-05751-5:CNY 14.00 |
| ● |
| 相关链接 |
|
|
|
正题名:抹灰工操作技巧
索取号:TU754.2/Z120
 
预约/预借
| 序号 | 登录号 | 条形码 | 馆藏地/架位号 | 状态 | 备注 |
| 1 | 392037 | 203920374 | 建筑库201/201建筑库 72排2列1层/ [索取号:TU754.2/Z120] | 在馆 | |
| 2 | 392038 | 203920383 | 建筑库201/201建筑库 72排2列1层/ [索取号:TU754.2/Z120] | 在馆 | |
| 3 | 392039 | 203920392 | 建筑库201/201建筑库 72排2列1层/ [索取号:TU754.2/Z120] | 在馆 |